Géographie de l'Allemagne - Statistiques

Statistiques générales
  • Ce quiz a été pris 3 164 fois
  • Le résultat moyen est 13 sur 20
Statistiques - réponses
question réponse % Correct
Quelles sont les deux mers frontalières de l'Allemagne? mer du {Nord}
95%
Quels sont les deux plus longs fleuves qui traversent l'Allemagne? Rhin
93%
Quelle ville a accueilli les Jeux olympiques d'été en 1972? Munich
92%
Quel est le plus grand état de l'Allemagne par la superficie? Bavière
88%
Quelles sont les deux mers frontalières de l'Allemagne? mer {Baltique}
88%
Quelle région du sud-ouest est probablement la forêt la plus célèbre d'Allemagne? Forêt-{Noire}
87%
Quelle ville allemande abrite la Banque centrale européenne? Francfort
87%
Quels sont les deux plus longs fleuves qui traversent l'Allemagne? Danube
81%
Dans quelle ville française seriez-vous si vous conduisez vers l'ouest depuis la ville allemande de Kehl? Strasbourg
78%
Quel est le pays de naissance du plus grand nombre de résidents allemands nés à l'étranger? Turquie
69%
Quel nom a été donné au point de passage le plus connu entre Berlin est et ouest? Checkpoint {Charlie}
66%
Dans quelle zone urbaine polycentrique les villes de Essen, Duisburg et Dortmund font-elles partie? Ruhr
55%
Quelle fleuve traverse la ville de Hambourg? Elbe
54%
Quel grand lac borde l'Autriche, l'Allemagne et la Suisse? Lac de {Constance}
52%
Quel état entoure complètement Berlin? Brandebourg
44%
Quelle péninsule majeure l'Allemagne partage-t-elle avec le Danemark? Jutland
41%
Quelle ville est la plus occidentale en Allemagne? Aix-la-Chapelle
39%
Quelle fleuve forme la partie nord de la frontière de l'Allemagne avec la Pologne? Oder
35%
Quel canal relie ces deux mers? canal de {Kiel}
24%
Quelle est la plus haute montagne d'Allemagne? (sur la photo) Zugspitze
19%
Aucun quiz correspondant
Distribution des résultats
% des personnes avec chaque résultat
Percentile par nombre de réponses
Votre historique - résultats
Vous n’avez pas pris ce quiz